000 00614nam a2200193 i 4500
001 44180
003 ES-MaACL
005 20251017063045.0
007 t|
008 030320s1955 sp ||||1| spa d
100 1 _aCirlot, Juan-Eduardo,
_d1916-1973
_938898
245 1 0 _aMorfología y arte contemporáneo... /
_cJuan-Eduardo Cirlot.
260 _aBarcelona :
_bOmega,
_c[1955] (
_fAgustín Núñez)
300 _a101 p., 12 lám. :
_bil. ;
_c24 cm.
650 7 _aArte-
_yS.XX
_2
_9141916
650 7 _aForma (Estética)
_2embne
_9159052
852 _aES-MaACL
_jC-9939
_bR.38095
999 _c44180
_d44180